000 00976nam a2200277 a 4500
001 49982
003 BD-RjUL
005 20211209075435.0
008 160823r19731936ii 000 0 eng c
035 _a(BD-RjUL)50102
040 _aRRR
_cRRR
_dZCU
_dBD-RjUL
_beng
041 _aeng
082 _a370.954
_223
_bJAE 1973
100 1 _aJaffar, S. M.,
_d1910-
_9149790
245 1 0 _aEducation in Muslim India :
_bbeing an inquiry into the state of education during the Muslim period of Indian history, 1000-1800 A. C. /
_cby S. M. Jaffar.
250 _a1st ed.
260 _aDelhi :
_bIdarah-i Adabiyat-i Delli,
_c1936, [Reprinted 1972,1973]
300 _axix, 261 p. ;
_c22 cm.
490 1 _aIAD oriental series ;
_v16
504 _aBibliography: p. 243-246.
650 0 _aEducation
_zIndia
_xHistory.
_9119570
650 0 _aIslamic learning and scholarship
_zIndia.
_9145422
830 _aIAD oriental series ;
_v16
_9149791
942 _2ddc
_cBK
999 _c49982
_d49982